000 00775nam a2200229Ii 4500
003 JO-AjNU
008 230605s9999||||xx |||||||||||||| ||und||
017 _a2013/2/435
020 _a978-1-56564-601-8
040 _aJO-AjNU
_bara
_erda
_cJO-AjNU
041 _aara
050 1 4 _aZ665 2013
100 3 _aملكاوي، فتحي حسن ,
_eauthor
_952325
245 0 0 _aدليل النشر في المعهد العالمي للفكر الاسلامي
250 _aط1
264 3 1 _aبيروت : المعهد العالمي للفكر الاسلامي ، 2013
300 _a154ص
336 _atext
_btxt
_2rdacontent
337 _aunmediated
_bn
_2rdamedia
338 _avolume
_bnc
_2rdacarrier
650 4 _aصناعة النشر -التحكيم العلمي
_952326
999 _aA23172
_c26740
_d26740